Pamätník v Košiciach opäť pomaľovali pri sídle Hlavných správ pribudol nápis Putin je vrah

Bibliographic Details
Main Author: Ogurčáková, Jana (Author)
Format: Article
Language:Slovak
PhysicalDescription:Fotografie
ISSN:2585-7355
Subjects:
Online Access:https://kosice.korzar.sme.sk/c/22880137/pamatnik-opat-pomalovali-pri-sidle-hlavnych-sprav-pribudol-napis-putin-je-vrah.html

MARC

LEADER 00000nab a2200000u 4500
001 vtls012130926
003 SK-MaSNL
005 20260303100234.0
008 220412|20220408xo ||||||| || ||slo|
038 |a KEVKJB 
040 |a KEVKJB  |b slo  |e rda 
041 0 |a slo 
043 |a e-xo--- 
044 |a xo  |c SK 
072 7 |a 72  |x Architektúra  |2 konspekt 
080 |a 725.945  |2 2011 
100 1 |a Ogurčáková, Jana  |4 aut  |9 835010 
245 1 0 |a Pamätník v Košiciach opäť pomaľovali  |b pri sídle Hlavných správ pribudol nápis Putin je vrah  |c Jana Ogurčáková 
300 |b Fotografie 
336 |a text  |b txt  |2 rdacontent 
337 |a bez média  |b n  |2 rdamedia 
338 |a zväzok  |b nc  |2 rdacarrier 
650 0 7 |a Pamätník padlým vojakom Sovietskej armády (Košice, Slovensko)  |2 kevkjb  |9 30297 
650 0 7 |a pamätníky  |2 SNKPH  |9 25601 
651 7 |a Košice (Slovensko)  |2 SNKPHgeo  |9 18694 
773 0 |t Korzár  |g Roč. XXV., č. 69 (8.4.2022), s. 9  |x 2585-7355 
852 |a KEVKJB  |b KIS3GCP 
856 4 1 |u https://kosice.korzar.sme.sk/c/22880137/pamatnik-opat-pomalovali-pri-sidle-hlavnych-sprav-pribudol-napis-putin-je-vrah.html 
999 |c 1828721  |d 1830651